RUTTER'S CHILD AND ADOLESCENT PSYCHIATRY (Record no. 18072)

MARC details
000 -LEADER
fixed length control field 00325nam a22001457a 4500
003 - CONTROL NUMBER IDENTIFIER
control field SGT
020 ## - INTERNATIONAL STANDARD BOOK NUMBER
International Standard Book Number 978-1-118-38188-5
082 ## - DEWEY DECIMAL CLASSIFICATION NUMBER
Classification number 618.92
Item number R18T
100 ## - MAIN ENTRY--PERSONAL NAME
Personal name THAPAR, ANITA
245 ## - TITLE STATEMENT
Title RUTTER'S CHILD AND ADOLESCENT PSYCHIATRY
250 ## - EDITION STATEMENT
Edition statement 6TH
260 ## - PUBLICATION, DISTRIBUTION, ETC. (IMPRINT)
Name of publisher, distributor, etc WILEY BLACKWELL
Year of Publication 2018
300 ## - PAGE DESCRIPTION
No. of Pages 1077
942 ## - ADDED ENTRY ELEMENTS (KOHA)
Source of classification or shelving scheme Dewey Decimal Classification
Koha item type Books
Holdings
Withdrawn status Lost status Source of classification or shelving scheme Damaged status Not for loan Collection code Home library Current library Shelving location Date acquired Vendor Name Volume Information (Serial or Books or Non-Book Material) SGTU Bill Number Total Checkouts Full call number Accession No. (Barcode) Date last seen Bill Date Koha item type
    Dewey Decimal Classification   Not For Loan MEDICAL SGT Medical Library SGT Medical Library Reference Book 29/05/2019 ABC DELHI $-120 SGTU 10946   618.92 R18T FM11323 29/05/2019 11/04/2019 Books